Holiday Quiz

Random Holiday or Song Quiz

🎼 🎄 Once in Royal David's City 🎁 🎶 Quiz Stats

 Plays Quiz not verified by Sporcle

Score 0/74 Timer 04:00
0 Plays Today
% Correct
mild,
low -
on
99.4%

ly,
 
99.4%
sus
on
the
99.4%
1. Once
2. He    
3. And  
99.1%
in
came
our
98.8%
In
And
Is
98.8%
ger
dle
in
98.8%
roy -
down
eyes
98.3%
roy -
down
eyes
98.3%
al
to
at
98.3%
Da -
earth
last
98.3%
Da -
earth
last
98.3%
Da -
earth
last
98.3%
vid's
from
shall
98.3%
vid's
from
shall
98.3%
vid's
from
shall
98.3%
cit -
heav -
see
98%
y
en,
him,
98%
a
is
his
93.9%
a
his
that
93.7%
her
a
and
93.7%
her
a
and
93.7%
her
a
and
93.7%
a
his
our
93.7%
his
a
a -
93.7%
his
a
a -
93.7%
his
a
a -
93.7%
ry
the
he
92%
Where
And
For
89.9%
er
and
dren
89.7%
man -
cra -
Lord
89.3%
man -
cra -
Lord
89.3%
Ma -
With
And
89.1%
Je -
Lived
To
89%
for
was
heav'n
88.2%
for
was
heav'n
88.2%
for
was
heav'n
88.2%
% Correct
lit -
Sav -
he
87.9%
lit -
Sav -
he
87.9%
lit -
Sav -
he
87.9%
ly
and
re -
87.7%
that
and
his
87.4%
tle
ior
is
86.4%
tle
ior
is
86.4%
tle
ior
is
86.4%
er
ter
so
86.2%
moth -
shel -
child
86.1%
moth -
shel -
child
86.1%
laid
was
dear
85.8%
laid
was
dear
85.8%
laid
was
dear
85.8%
moth -
mean,
chil -
85.3%
her
our
where
84.5%
her
our
where
84.5%
ba -
sta -
gen -
84.4%
by
ble,
tle
84.4%
was
poor,
leads
83.8%
was
poor,
leads
83.8%
bed:
stall;
bove,
82.8%
tle
of
ing
82.4%
tle
of
ing
82.4%
tle
of
ing
82.4%
child.
ho -
gone.
81.9%
child.
ho -
gone.
81.9%

ly.
 
81.9%
low -
God
own
81.6%
low -
God
own
81.6%
Christ
earth
place
81.5%
Christ
earth
place
81.5%
cat -
Lord
deem -
80.7%
cat -
Lord
deem -
80.7%
cat -
Lord
deem -
80.7%
shed,
all,
love;
80.1%
Stood
Who
Through
73.7%

You're not logged in!

Compare scores with friends on all Sporcle quizzes.
OR
Log In

Sporcle TV

Today on Sporcle TV


Watch our educational content, quiz creation guides, and fun videos on Sporcle TV.

Show Comments

Extras

Top Quizzes Today


Score Distribution

Your Account Isn't Verified!

In order to create a playlist on Sporcle, you need to verify the email address you used during registration. Go to your Sporcle Settings to finish the process.

Report this User

Report this user for behavior that violates our Community Guidelines.

Details: